La investigación participativa en la educación entre adultos

Gardado en:
Detalles Bibliográficos
Autor Principal: Pinto Contreras, Rolando Nelson (Author)
Formato: Libro
Idioma:Lingua castelá
Publicado: San José O.E.A 1986
San José M.E.P 1986
Subjects:
Tags: Engadir etiqueta
Sen Etiquetas, Sexa o primeiro en etiquetar este rexistro!

MARC

LEADER 00000nam a2200000 a 4500
001 UCZ7342
003 CL-VaPUC
008 951228e19860000CR |||||||||||||||||spa|d
082 0 4 |a 370.78  |b PIN  |2 21 
100 0 |a Pinto Contreras, Rolando Nelson  |e author  |9 352160 
245 1 3 |a La investigación participativa en la educación entre adultos 
300 |a 31 p 
942 |c BK 
945 |d 19951228 00:00:00  |a cmena 
260 |a San José  |b O.E.A  |c 1986 
260 |a San José  |b M.E.P  |c 1986 
650 0 |a Investigación educacional   |9 261192 
650 0 |a Ciencias sociales  |v Investigación  |9 307767 
650 0 |a Educación de adultos  |9 307580 
650 0 |a Métodos de investigación   |9 262618 
583 |a last modification  |c 20130413 08:36:53  |k Rodrigo Vera 
999 |c 243435  |d 243433 
952 |0 0  |1 0  |4 0  |6 370_780000000000000_PIN_1986_1986  |7 0  |8 A  |9 257057  |a BIBEDU  |b BIBEDU  |d 2019-11-19  |i 1613936  |o 370.78 PIN 1986 1986  |p 1613936  |r 2019-11-19  |w 2019-11-19  |y BK  |k EDU